A Tracer Study of Bachelor of Elementary Education Graduates of UM Digos College (2012-2017)/ (Record no. 14837)
[ view plain ]
| 000 -LEADER | |
|---|---|
| fixed length control field | 00644nam a22001697a 4500 |
| 008 - FIXED-LENGTH DATA ELEMENTS--GENERAL INFORMATION | |
| fixed length control field | 200110b ||||| |||| 00| 0 eng d |
| 082 ## - DEWEY DECIMAL CLASSIFICATION NUMBER | |
| Edition number | 2019 |
| Classification number | UT 1405 |
| Item number | P75 |
| 100 ## - MAIN ENTRY--PERSONAL NAME | |
| Personal name | Pojeda, Jeandel Roeba |
| 9 (RLIN) | 41199 |
| 245 ## - TITLE STATEMENT | |
| Title | A Tracer Study of Bachelor of Elementary Education Graduates of UM Digos College (2012-2017)/ |
| Statement of responsibility, etc. | Jeandel Roeba Pojeda, Floramae Petagara & Judy Antic |
| 260 ## - PUBLICATION, DISTRIBUTION, ETC. (IMPRINT) | |
| Place of publication, distribution, etc. | Digos City |
| Name of publisher, distributor, etc. | UMDC |
| Date of publication, distribution, etc. | November 2019 |
| 300 ## - PHYSICAL DESCRIPTION | |
| Extent | 36 pages |
| Dimensions | 30cm |
| 650 ## - SUBJECT ADDED ENTRY--TOPICAL TERM | |
| Topical term or geographic name as entry element | Education |
| Form subdivision | Elementary |
| General subdivision | Undergraduate Thesis |
| 9 (RLIN) | 41161 |
| 700 ## - ADDED ENTRY--PERSONAL NAME | |
| Personal name | Pojeda, Jeandel Roeba |
| 9 (RLIN) | 41199 |
| 700 ## - ADDED ENTRY--PERSONAL NAME | |
| Personal name | Petagara, Floramae |
| 9 (RLIN) | 41200 |
| 700 ## - ADDED ENTRY--PERSONAL NAME | |
| Personal name | Antic, Judy |
| 9 (RLIN) | 41201 |
| 942 ## - ADDED ENTRY ELEMENTS (KOHA) | |
| Source of classification or shelving scheme | Dewey Decimal Classification |
| Koha item type | Undergraduate Thesis |
| Withdrawn status | Lost status | Source of classification or shelving scheme | Damaged status | Not for loan | Collection code | Home library | Current library | Date acquired | Total Checkouts | Full call number | Barcode | Date last seen | Price effective from | Koha item type |
|---|---|---|---|---|---|---|---|---|---|---|---|---|---|---|
| Dewey Decimal Classification | Undergraduate Theses | UM Digos College - LIC | UM Digos College - LIC | 01/09/2020 | UT 1405 P75 2019 | UT 1405 | 01/10/2020 | 01/10/2020 | Undergraduate Thesis |
